| 000 | 00940nam a22001935i 4500 | ||
|---|---|---|---|
| 001 | 164774 | ||
| 003 | ES-MaACL | ||
| 005 | 20231229063051.0 | ||
| 008 | 991126s1850 sp |||| | spa d | ||
| 040 |
_aM-RAJU _bspa _cM-RAJU _dCCPB | B |
||
| 100 | 1 |
_aSanz del Río, Julián, _d1814-1869 _9132463 |
|
| 245 | 1 | 0 |
_aKarlos Ch. F. Krause _b: lecciones sobre el sistema de la filosofía analítica : primera, segunda y tercera lección / _cpor Julián Sanz del Río. |
| 260 |
_aMadrid : _b[s.n.], _c1850 ( _fImp. de Andrés y Díaz) |
||
| 300 |
_aXI, 76 p. ; _c22 cm. |
||
| 600 | 1 | 4 |
_aKrause, Karl Christian Friedrich- _xCrítica e interpretación. _9128490 |
| 650 | 0 | 4 |
_aAnálisis filosófico. _99769 |
| 852 |
_aES-MaACL _jT-1-F-12 _z-- Enc. hol. _q-- Falto de la cub. original _z-- Enc. con 6 p. del Analisis preliminar del contenido de las lecciones cuarta, quinta y sexta _z-- Enc. en un vol. facticio |
||
| 999 |
_c164774 _d164774 |
||